Les villes les plus peuplées de France commençant par G - Statistiques

Statistiques générales
  • Ce quiz a été pris 95 fois
  • Le résultat moyen est 5 sur 15
Statistiques - réponses
Départements Population Villes % Correct
Isère 158 000 Grenoble
100%
Hautes-Alpes 41 000 Gap
77%
Alpes Maritimes 49 000 Grasse
59%
Hauts de Seine 49 000 Gennevilliers
37%
Essonne 28 000 Grigny
37%
Val d'Oise 43 000 Garges-lès-Gonesse
34%
Val d'Oise 26 000 Gonesse
26%
Hauts-de-Seine (La) 30 000 La Garenne-Colombes
21%
Seine-Saint-Denis 39 000 Gagny
20%
Seine Maritime (Le) 25 000 Le Grand Quevilly
20%
Guadeloupe (Le) 27 000 Le Gosier
17%
Gironde 26 000 Gradignan
16%
Var (La) 26 000 La Garde
16%
Val d'Oise 31 000 Goussainville
15%
Yvelines 28 000 Guyancourt
12%
Aucun quiz correspondant
Distribution des résultats
% des personnes avec chaque résultat
Percentile par nombre de réponses
Votre historique - résultats
Vous n’avez pas pris ce quiz